01005naa a22002897a 4500001001000000003000900010005001700019007000300036008003400039040005400073041000900127072002000136090001800156100001600174245003600190260004000226500009300266650001100359650001100370650001100381650001500392773009000407909003600497942001400533999001900547952014900566BR7326238BR-BrBNA20240918173544.0ta230509b bl.||||| |||| 00| 0 por d aBR-BrBNAbporcBiblioteca Nacional de Agricultura a(Pt) aL73b5212b4150 aL73 BR73262381 aSaraiva, D.1 aVacinacao contra a febre aftosa3 aPorto Alegre, RS (Brasil): c1959.  aManual de pecuaria de corte Porto Alegre, RS (Brasil): 1959. p. 47-58 (BR7326238-AM)L73  aBOVINO aAFTOSA aVACINA aIMUNIZACAO0 tManual de pecuaria de cortew5213 BR7326232gPorto Alegre, RS (Brasil), 1959. q58 p. a202404bLuciac55dLucia Elande cAM2AGRIS c305361d305361 002AGRIS40708Acervo Gerala41918b41918cAgrobasel0o5213 BR7326232r2024-05-20t01yAM10d2024-04-11ePortaria Interministerial nÂș 164/94